Top 10 des Personnalités préférés des Français - Statistiques

Statistiques générales
  • Ce quiz a été pris 161 fois
    40 depuis la dernière actualisation
  • Le résultat moyen est 6 sur 10
Statistiques - réponses
Métier Nom % Correct
Judoka Teddy Riner
94%
Spationaute Thomas Pesquet
83%
Rugbyman Antoine Dupont
77%
Nageur Léon Marchand
77%
Chanteur Jean-Jacques Goldman
71%
Politicien Jordan Bardella
46%
Acteur Omar Sy
46%
Chanteur Soprano
40%
Chanteur Florent Pagny
23%
Chanteur Francis Cabrel
11%
Aucun quiz correspondant
Distribution des résultats
% des personnes avec chaque résultat
Percentile par nombre de réponses
Votre historique - résultats
Vous n’avez pas pris ce quiz depuis la dernière actualisation